| 000 | 01190nam0a22003131 4500 | ||
|---|---|---|---|
| 001 | rc\4473520 | ||
| 005 | 20201012190539.0 | ||
| 021 |
_aRU _b[59-2332] |
||
| 035 | _a(NLR Aleph) 008598089 | ||
| 090 |
_a8686425 _c8686425 |
||
| 100 | _a20130416d1958 |||y0rusy50 ca | ||
| 101 | 0 | _arus | |
| 102 | _aRU | ||
| 105 | _aa z |||c| | ||
| 200 | 1 |
_aНемирович-Данченко о работе над спектаклем _eПопул. очерк |
|
| 210 |
_a[Москва] _cСов. Россия _d[1958] |
||
| 215 |
_a94 с., 8 л. ил. _d20 |
||
| 225 | 1 |
_aБиблиотечка "Художественная самодеятельность" _v[№ 21] |
|
| 320 | _aБиблиогр. в конце текста | ||
| 606 |
_aАктерское искусство _2psbo |
||
| 606 |
_aРежиссура _2psbo |
||
| 700 | 1 |
_aКрыжицкий _bГ. К. _f1895-1975 _gГеоргий Константинович |
|
| 702 | 1 |
_aНемирович-Данченко _bВ. И. _f1858-1943 _gВладимир Иванович _3RU\NLR\AUTH\778882 _4570 |
|
| 801 | 0 |
_aRU _bNLR _gpsbo |
|
| 801 | 1 |
_aRU _bELAR _2rusmarc |
|
| 852 |
_aNLR _j59-4/1955 |
||
| 942 | _cBOOK | ||
| 980 | _aNB | ||